Annual Report of the Dante Society, with Accompanying Papers

מידע ביבליוגרפי
פורמט: אלקטרוני כתב-עת
שפה:English
יצא לאור: The Johns Hopkins University Press
נושאים:
גישה מקוונת:Full text available on JSTOR[1955-01-01 - 1965-01-01]
Off-campus access
LEADER 01008cas a2200205 a 4500
001 AALejournalJSTOR001703
008 230228c9999 xx r poo 0 0eng d
022 |a 1948-1608 
040 |a BD-DhAAL  |c BD-DhAAL 
245 0 0 |h [electronic resource]  |a Annual Report of the Dante Society, with Accompanying Papers 
260 |b The Johns Hopkins University Press 
300 |a 1 online resource 
362 0 |a no. 73 
500 |a <strong>Off-Campus Access:</strong> Athens ID and Password Required 
500 |a <strong>On-Campus Access:</strong> No User ID or Password Required 
506 |a Electronic access restricted to authorized BRAC University faculty, staff and students 
538 |a Mode of access: Internet 
650 4 |a Humanities ; Language & Literature 
856 4 0 |z Full text available on JSTOR[1955-01-01 - 1965-01-01]  |u https://www.jstor.org/journal/annrepdantsocwap 
856 4 0 |z Off-campus access  |u https://go.openathens.net/redirector/bracu.ac.bd?url=https%3A%2F%2Fwww.jstor.org%2Fjournal%2Fannrepdantsocwap